Central Library OPAC University of Rajshahi

The landscape of Australian poetry / (Record no. 20482)

MARC details
000 -LEADER
fixed length control field 00751cam a22002531 4500
001 - CONTROL NUMBER
control field 20482
003 - CONTROL NUMBER IDENTIFIER
rucl marc code BD-RjUL
005 - DATE AND TIME OF LATEST TRANSACTION
control field 20211209000554.0
008 - FIXED-LENGTH DATA ELEMENTS--GENERAL INFORMATION
fixed length control field 140203s1967 at 000 0 eng d
035 ## - SYSTEM CONTROL NUMBER
System control number (BD-RjUL)20544
System control number (OCoLC)555199
040 ## - CATALOGING SOURCE
Original cataloging agency DLC
Transcribing agency ONcM
Modifying agency OCoLC
-- NOwU
-- DLC
-- BD-RjUL
Language of cataloging eng
041 ## - LANGUAGE CODE
Language code of text/sound track or separate title eng
082 00 - DEWEY DECIMAL CLASSIFICATION NUMBER
Classification number 821
Author mark and year ELL 1967
100 1# - MAIN ENTRY--PERSONAL NAME
Personal name Elliott, Brian Robinson,
Dates associated with a name 1910-
9 (RLIN) 63156
245 14 - TITLE STATEMENT
Title The landscape of Australian poetry /
Statement of responsibility, etc. by Brian Elliott.
260 ## - PUBLICATION, DISTRIBUTION, ETC. (IMPRINT)
Place of publication, distribution, etc. Melbourne, Canberra :
Name of publisher, distributor, etc. Cheshire,
Date of publication, distribution, etc. 1967
300 ## - PHYSICAL DESCRIPTION
Pagination xii,346p. ;
Size 22cm.
650 #0 - SUBJECT ADDED ENTRY--TOPICAL TERM
Topical term or geographic name as entry element Australian poetry
General subdivision History and criticism.
9 (RLIN) 63157
Topical term or geographic name as entry element Nature in literature.
9 (RLIN) 53907
942 ## - ADDED ENTRY ELEMENTS (KOHA)
Source of classification or shelving scheme Dewey Decimal Classification
Koha item type Books
Holdings
Lost status Source of classification or shelving scheme Damaged status Not for loan Collection code Permanent Location Current Location Shelving location Date acquired Source of acquisition Total Checkouts Full call number Date last seen Copy number Koha item type
  Dewey Decimal Classification   Added to bundle Non-fiction Central Library, University of Rajshahi Central Library, University of Rajshahi Reading Room 11/09/1973 Govt. of Australia Gift   821 ELL 1967 01/03/2014 C-1 Books